Normal view
MARC view
- SOLAR DISH-STIRILING TECHNOLOGY
Entry Topical Term
001 - CONTROL NUMBER
- control field: 77194
003 - CONTROL NUMBER IDENTIFIER
- control field: NUST
005 - DATE AND TIME OF LATEST TRANSACTION
- control field: 20210628205832.0
008 - FIXED-LENGTH DATA ELEMENTS
- fixed length control field: 210628|| aca||aabn | a|a d
040 ## - CATALOGING SOURCE
- Original cataloging agency: NUST
- Transcribing agency: NUST
150 ## - HEADING--TOPICAL TERM
- Topical term or geographic name entry element: SOLAR DISH-STIRILING TECHNOLOGY
670 ## - SOURCE DATA FOUND
- Source citation: Work cat.: (NUST): Diver, Richard.B Stine, William.B 77193, A compendium of solar dish-stiriling technology, 1994
